000 00249nam a22000977a 4500
999 _c11729
_d11729
008 200113b ||||| |||| 00| 0 eng d
020 _a0439449065
100 _aYoung James
_97418
245 _aPuppies in the Snow
260 _aNew York
_bScholastic
_c2003